Jazyková výchova učebné texty pre 1. triedu stred. škôl 3. časť

Bibliographic Details
Main Authors: Horák, Gejza, 1919-2003 (Author), Peciar, Štefan, 1912-1989 (Author)
Format: Book
Language:Slovak
PhysicalDescription:102, [2] s. 8°
Published: Bratislava Štátne nakladateľstvo 1952
Subjects:

MARC

LEADER 00000nam a2200000 a 4500
001 vtls008374020
003 SK-MaSNL
005 20260301135456.0
008 181109s1952 xo slo
015 |a SKSNBA19451955-003886 
035 |a SK01SNKBKSFS20020066237 
035 |a SKM000068700 
040 |a SNK  |b slo  |c SNK  |e AACR2 
041 0 |a slo 
044 |a xo  |c SK 
080 |a 373(075)  |2 1981 
100 1 |a Horák, Gejza,  |d 1919-2003  |4 aut  |9 104508 
245 1 0 |a Jazyková výchova  |b učebné texty pre 1. triedu stred. škôl  |n 3. časť  |c (sprac. Gejza Horák v spolupráci s predsedom učeb. komisie Štefanom Peciarom) 
260 |a Bratislava  |b Štátne nakladateľstvo  |c 1952  |e Žilina  |f Pravda 
300 |a 102, [2] s.  |c 8° 
500 |a Ob. tit. 
563 |a 62.000 výtlač. 
650 0 7 |a výchova jazyková  |x učebnice stredných škôl  |2 SNK  |9 423480 
655 7 |a učebnice  |2 SNKPH  |9 22521 
700 1 |a Peciar, Štefan,  |d 1912-1989  |4 aut  |9 101102 
958 |a OND 
958 |a RK 
958 |a TL 
999 |c 760342  |d 762272 
952 |a SNK  |b SNK  |y VYP  |7 0  |p 17A0029476  |o snkSD 7728/3 D1  |i snkF 3832/64  |8 5  |0 0  |1 0  |4 0  |d 2012-01-16  |l 0  |r 2026-02-24 00:02:23  |w 2026-02-24